Los escritores dominicanos y la cultura / (Registro nro. 8156)

Detalles MARC
000 -LIDER
fixed length control field 02584nam a2200337 a 4500
001 - NÚMERO DE CONTROL
Identificador de número de control 000008911
003 - IDENTIFICACDOR DE NÚMERO DE CONTROL
control field DO-SdBNP
005 - DATE AND TIME OF LATEST TRANSACTION
control field 20241008113522.0
007 - CAMPOS FIJOS DE DESCRIPCIÓN FÍSICA
fixed length control field 000008911
008 - ELEMENTOS DE LONGITUD FIJA
fixed length control field 090921s1990 dr 000 0 spa d
020 ## - ISBN
International Standard Book Number 8489525358
040 ## - FUENTE DE CATALOGACIÓN
Agencia que crea de manera original el registro BPMSU
Idioma de catalogación spa
Agencia que realiza la transcripción BPMSU
082 #4 - NÚMERO DE CLASIFICACIÓN DECIMAL DE DEWEY
Classification number RD860.9
Item number A347e 1990
Edition number 22
100 1# - ASIENTO PRINCIPAL -- NOMBRE PERSONAL
Nombre personal Alcántara Almanzar, José,
Fechas asociadas con el nombre 1946 -
245 14 - MENCIÓN DE TITULO
Título Los escritores dominicanos y la cultura /
Mención de responsabilidad José Alcántara Almanzar.
260 ## - PUBLICACIÓN, DISTRIBUCIÓN, ETC. (PIE DE IMPRENTA)
Lugar de publicación, distribución, etc Santo Domingo :
Nombre del editor, distribuidor, etc. Instituto Tecnológico de Santo Domingo,
Fecha de publicación, distribución, etc 1990.
300 ## - DESCRIPCIÓN FÍSICA
Extensión 226 p. ;
Dimensiones 23 cm.
490 0# - MENCIÓN DE SERIES
Mención de serie Monografías,
Volume/sequential designation 21
500 ## - NOTA GENERAL
Nota general Incluye referencias bibliográficas y notas al pie de las páginas
500 ## - NOTA GENERAL
Nota general Incluye datos biográficos del autor en la solapa de la cubierta
500 ## - NOTA GENERAL
Nota general Incluye índice onomástico.
504 ## - NOTA DE BIBLIOGRAFÍA, ETC.
Bibliography, etc Bibliografía: p. 217-218
505 1# - NOTA DE CONTENIDO
Texto normalizado de contenido Prólogo -- Tres poetas -- Manuel Rueda y los caminos de la poesía -- Introducción -- Hombres del país de nadie -- Máscara -- Todos los cuerpos -- La palabra y su sombra -- Testamento abierto -- Los días permitidos -- Conclusión -- Poesia de Freddy Gatón Arce -- I. Son Guerras y amores: un libro de excelencia poética -- Los trabajos y los días de un poeta -- Los enigmas de la poesía -- Las claves de la vida y la muerte -- Los signos callantes -- Fábula de la aldea -- II. Y con auer tanto tiempo -- Introducción -- La historia en el poema -- Sobre antítesis y dicotomías -- Lenguaje y recursos -- Conclusión -- III. El poniente -- Hitos de discernimiento y cantos comunes de un poeta -- V. Estos días de tíbar -- Reflexiones sobre la poesía de Virgilio Díaz Ordoñez -- II. Escritura y sociedad -- Hostos, el escritor necesario -- Aspectos sociológicos en la obra de Pedro Henríquez Ureña -- Abril del 65 en la literatura dominicana sobre literatura dominicana 1965-1985 -- Introducción -- La primera década: testimonios y compromiso -- El pluralismo -- La segunda década: el auge de la narrativa -- Conclusión -- III. Los escritores y la cultura -- La cultura dominicana: ¿identidad o diversidad? -- Los escritores dominicanos durante la dictadura de Trujillo -- Los escritores y la política cultural -- Apéndice -- Referencias bibliográficas -- Índice onomástico.
590 ## - NOTA LOCAL
Texto de la nota local Inventariado, 2024/VM
650 #4 - ENCABEZAMIENTO DE MATERIA--TEMÁTICO
Término temático o nombre geográfico como elemento de entrada Literatura dominicana
Subdivisión temática general Historia y crítica
650 #4 - ENCABEZAMIENTO DE MATERIA--TEMÁTICO
Término temático o nombre geográfico como elemento de entrada Literatura y sociedad.
650 #4 - ENCABEZAMIENTO DE MATERIA--TEMÁTICO
Término temático o nombre geográfico como elemento de entrada Poesía dominicana
Subdivisión temática general Historia y crítica
650 #4 - ENCABEZAMIENTO DE MATERIA--TEMÁTICO
Término temático o nombre geográfico como elemento de entrada Autores dominicanos
Subdivisión temática general Crítica e interpretación
910 ## - VALIDACIÓN
Validación VMateo V. Control de calidad BPMSU
942 ## - ADDED ENTRY ELEMENTS (KOHA)
Source of classification or shelving scheme Dewey Decimal Classification
Koha item type Libros
Existencias
Withdrawn status Lost status Source of classification or shelving scheme Damaged status Not for loan Collection code Home library Current library Date acquired Source of acquisition Total Checkouts Full call number Barcode Date last seen Copy number Price effective from Koha item type
    Dewey Decimal Classification     Colección Dominicana Biblioteca Pública Metropolitana Salomé Ureña Biblioteca Pública Metropolitana Salomé Ureña 08/10/2015 FUNDI   BPMSU CD RD860.9 A347e 1990 BPMSU15080264 08/10/2015 08/10/2015 Libros
    Dewey Decimal Classification     Colección Dominicana Biblioteca Pública Metropolitana Salomé Ureña Biblioteca Pública Metropolitana Salomé Ureña 08/10/2015 FUNDI   BPMSU CD RD860.9 A347e 1990 BPMSU15080265 08/10/2015 e.2 08/10/2015 Libros